00333 a2200145 450000100060000002000150000604000240002110000200004524000310006524500260009630000070012236200090012944000180013865000310015669802 a8506044367 cAnchieta - Itaigara aMuniz, Flávia10aPrimeiras históriaslpor10aPrimeiras histórias a310 a2005 1aMelhoramentos 4aLiteratura infanto-juvenil